[Event "EU-Cup (Women) 13th"]
[Site "Kallithea"]
[Date "2008.10.19"]
[Round "3"]
[White "Koneru, Humpy"]
[Black "Korbut, Ekaterina"]
[Result "1/2-1/2"]
[WhiteElo "2618"]
[BlackElo "2459"]
[PlyCount "103"]
[EventDate "2008.10.17"]
[EventType "team-swiss"]
[EventRounds "7"]
[EventCountry "GRE"]
[SourceTitle "CBM 126 Extra"]
[Source "ChessBase"]
[SourceDate "2008.11.05"]
[SourceVersion "1"]
[SourceVersionDate "2008.11.05"]
[SourceQuality "1"]
[WhiteTeam "Monte Carlo (W)"]
[BlackTeam "St Petersburg Finek (W)"]
[WhiteTeamCountry "MNC"]
[BlackTeamCountry "RUS"]

1. d4 d5 2. c4 dxc4 3. Nf3 Nf6 4. e3 a6 5. Bxc4 e6 6. 0-0 c5 7. Bd3 Nc6 8. a3 cxd4 9. exd4 Be7 10. Nc3 0-0 11. Re1 b5 12. Bc2 b4 13. Ne4 bxa3 14. bxa3 Bb7 15. Rb1 Na5 16. Nxf6+ Bxf6 17. Ne5 Rc8 18. Bd2 Ba8 19. Re3 g6 20. Bxa5 Qxa5 21. Nd7 Kg7 22. Nxf8 Rxf8 23. Qe1 Qc7 24. Be4 Bxd4 25. Rf3 e5 26. g3 Qa7 27. Bxa8 Qxa8 28. Rfb3 Qd5 29. Qe2 Rc8 30. Rd3 Rc4 31. Rd2 Qc6 32. Qd1 a5 33. Qf1 Rc3 34. Qg2 Qxg2+ 35. Kxg2 Rxa3 36. Rc2 Ra4 37. Rb5 g5 38. g4 h5 39. h3 h4 40. Rd5 Kf6 41. Rd6+ Ke7 42. Ra6 Kd7 43. Rf6 Ke7 44. Rf5 f6 45. Rc6 e4 46. Rd5 Rb4 47. Rcd6 Bb6 48. Rd7+ Ke6 49. R5d6+ Ke5 50. Rd5+ Ke6 51. R5d6+ Ke5 52. Rd5+ 1/2-1/2

[Event "EU-Cup (Women) 13th"]
[Site "Kallithea"]
[Date "2008.10.18"]
[Round "2"]
[White "Korbut, Ekaterina"]
[Black "Hoang, Thanh Trang"]
[Result "1/2-1/2"]
[WhiteElo "2459"]
[BlackElo "2483"]
[PlyCount "101"]
[EventDate "2008.10.17"]
[EventType "team-swiss"]
[EventRounds "7"]
[EventCountry "GRE"]
[SourceTitle "CBM 126 Extra"]
[Source "ChessBase"]
[SourceDate "2008.11.05"]
[SourceVersion "1"]
[SourceVersionDate "2008.11.05"]
[SourceQuality "1"]
[WhiteTeam "St Petersburg Finek (W)"]
[BlackTeam "Minsk EPAM Systems (W)"]
[WhiteTeamCountry "RUS"]
[BlackTeamCountry "BLR"]

1. e4 b6 2. d4 Bb7 3. Bd3 Nf6 4. Qe2 Nc6 5. c3 e5 6. Nf3 exd4 7. e5 Nd5 8. Be4 Nde7 9. Nxd4 Nxd4 10. cxd4 Bxe4 11. Qxe4 c6 12. Bf4 Nd5 13. 0-0 Qh4 14. g3 Qg4 15. f3 Qg6 16. Nc3 Nxc3 17. bxc3 Qxe4 18. fxe4 Be7 19. a4 0-0 20. Kf2 f6 21. Ke2 f5 22. Kd3 Rf7 23. exf5 Rxf5 24. g4 Rf7 25. Bg3 Raf8 26. Rxf7 Kxf7 27. c4 Ke6 28. a5 bxa5 29. Rxa5 Rf3+ 30. Ke4 Ra3 31. d5+ Kf7 32. Be1 cxd5+ 33. cxd5 Rxa5 34. Bxa5 Bc5 35. Kf5 g6+ 36. Ke4 Ke7 37. Kd3 Bg1 38. h3 Bf2 39. Kc4 a6 40. Bc3 Kd8 41. d6 Ke8 42. Kd5 Kf7 43. e6+ Ke8 44. Bb4 Bg3 45. e7 Bf2 46. Kc4 Bg3 47. Bc5 a5 48. Kb5 Be1 49. Bb6 Bb4 50. Bc5 Be1 51. Bb6 1/2-1/2

[Event "EU-Cup (Women) 13th"]
[Site "Kallithea"]
[Date "2008.10.17"]
[Round "1"]
[White "Stojanovic, Andjelija"]
[Black "Korbut, Ekaterina"]
[Result "1/2-1/2"]
[WhiteElo "2357"]
[BlackElo "2459"]
[PlyCount "74"]
[EventDate "2008.10.17"]
[EventType "team-swiss"]
[EventRounds "7"]
[EventCountry "GRE"]
[SourceTitle "CBM 126 Extra"]
[Source "ChessBase"]
[SourceDate "2008.11.05"]
[SourceVersion "1"]
[SourceVersionDate "2008.11.05"]
[SourceQuality "1"]
[WhiteTeam "Ugljevik Rudar (W)"]
[BlackTeam "St Petersburg Finek (W)"]
[WhiteTeamCountry "BIH"]
[BlackTeamCountry "RUS"]

1. d4 d5 2. Nf3 Nf6 3. g3 c6 4. Bg2 Bf5 5. 0-0 e6 6. c4 Be7 7. Nc3 h6 8. b3 Nbd7 9. Bb2 0-0 10. Nd2 Qb6 11. a3 a5 12. c5 Qc7 13. b4 b5 14. bxa5 Rxa5 15. Na2 Nb8 16. Nb4 Ra4 17. Nb1 Na6 18. Nc3 Ra5 19. Nxa6 Rxa6 20. Qb3 Nd7 21. Na2 Nb8 22. Nb4 Ra4 23. Rfc1 Qb7 24. Bf1 Na6 25. Nxc6 Qxc6 26. e4 Bxe4 27. Bxb5 Rb8 28. Qxa4 Qxb5 29. Qxb5 Rxb5 30. Bc3 Rb3 31. Bb4 Bg5 32. Rc3 Rb2 33. c6 Bd2 34. c7 Nxc7 35. Rxc7 Bxb4 36. axb4 Rxb4 37. f3 Bg6 1/2-1/2

[Event "CHN-RUS Summit (Women) 5th"]
[Site "Ningbo"]
[Date "2008.09.21"]
[Round "4"]
[White "Korbut, Ekaterina"]
[Black "Huang, Qian"]
[Result "1/2-1/2"]
[WhiteElo "2459"]
[BlackElo "2430"]
[PlyCount "92"]
[EventDate "2008.09.18"]
[EventType "schev"]
[EventRounds "10"]
[EventCountry "CHN"]
[SourceTitle "CBM 126 Extra"]
[Source "ChessBase"]
[SourceDate "2008.11.05"]
[SourceVersion "1"]
[SourceVersionDate "2008.11.05"]
[SourceQuality "1"]

1. e4 e6 2. d4 d5 3. Nd2 c5 4. Ngf3 cxd4 5. Nxd4 Nc6 6. Bb5 Bd7 7. Nxc6 Bxc6 8. Bxc6+ bxc6 9. c4 dxe4 10. Qa4 Qb6 11. Nxe4 Qb4+ 12. Qxb4 Bxb4+ 13. Bd2 Bxd2+ 14. Kxd2 Nf6 15. Nc5 Nd7 16. Na6 0-0-0 17. Kc3 Kb7 18. Nb4 Nc5 19. Rhd1 a5 20. Nd3 Rxd3+ 21. Rxd3 Nxd3 22. Kxd3 c5 23. Kc3 Rd8 24. b3 Kc6 25. a3 e5 26. Re1 f6 27. g3 Rd4 28. f3 h5 29. h4 Rd8 30. Rg1 Rd4 31. g4 g6 32. b4 axb4+ 33. axb4 cxb4+ 34. Kxb4 Rf4 35. g5 Rxf3 36. gxf6 Rxf6 37. Ra1 Kb7 38. Re1 Rf5 39. Rg1 e4 40. Rxg6 Re5 41. Rg5 Re7 42. Rg1 e3 43. Re1 Kc6 44. Kc3 Kc5 45. Kd3 Rd7+ 46. Ke2 Rd4 1/2-1/2

[Event "CHN-RUS Summit (Women) 5th"]
[Site "Ningbo"]
[Date "2008.09.20"]
[Round "3"]
[White "Zhao, Xue"]
[Black "Korbut, Ekaterina"]
[Result "1/2-1/2"]
[WhiteElo "2522"]
[BlackElo "2459"]
[PlyCount "125"]
[EventDate "2008.09.18"]
[EventType "schev"]
[EventRounds "10"]
[EventCountry "CHN"]
[SourceTitle "CBM 126 Extra"]
[Source "ChessBase"]
[SourceDate "2008.11.05"]
[SourceVersion "1"]
[SourceVersionDate "2008.11.05"]
[SourceQuality "1"]

1. d4 d5 2. c4 c6 3. Nc3 Nf6 4. Nf3 dxc4 5. a4 e6 6. e3 c5 7. Bxc4 Nc6 8. 0-0 cxd4 9. exd4 Be7 10. Bg5 0-0 11. Qd2 Nd5 12. Bxd5 Bxg5 13. Qxg5 Qxg5 14. Nxg5 exd5 15. Nxd5 Nxd4 16. Ne7+ Kh8 17. Rfd1 Ne6 18. Ne4 b6 19. Nd6 Ba6 20. f3 Nc7 21. Rac1 Ne8 22. b4 Be2 23. Rd2 Nxd6 24. Rxd6 Rad8 25. Rxd8 Rxd8 26. Kf2 Bd3 27. Rd1 h6 28. Nc6 Rc8 29. Nxa7 Rc3 30. Rd2 Bg6 31. Rb2 Kh7 32. b5 Bf5 33. a5 bxa5 34. b6 Bc8 35. b7 Bxb7 36. Rxb7 Rc2+ 37. Kg3 f6 38. Rb3 Rc7 39. Nb5 Rb7 40. Nd4 Rxb3 41. Nxb3 a4 42. Nc1 g5 43. Kf2 Kg6 44. g4 f5 45. Ke3 h5 46. h3 hxg4 47. hxg4 Kf6 48. Kd4 Ke6 49. Na2 a3 50. Nc3 fxg4 51. fxg4 Kd7 52. Kd5 Ke7 53. Na2 Kd7 54. Nc1 Kc7 55. Ke5 Kc6 56. Kf5 Kc5 57. Kxg5 Kc4 58. Kf4 Kc3 59. g5 Kb2 60. g6 Kxc1 61. g7 a2 62. g8Q a1Q 63. Qg1+ 1/2-1/2

[Event "RUS-chT (Women)"]
[Site "Dagomys"]
[Date "2008.04.05"]
[Round "4"]
[White "Korbut, Ekaterina"]
[Black "Matveeva, Svetlana"]
[Result "1/2-1/2"]
[WhiteElo "2468"]
[BlackElo "2420"]
[PlyCount "30"]
[EventDate "2008.04.02"]
[EventType "team"]
[EventRounds "9"]
[EventCountry "RUS"]
[SourceTitle "CBM 123 Extra"]
[Source "ChessBase"]
[SourceDate "2008.05.06"]
[SourceVersion "1"]
[SourceVersionDate "2008.05.06"]
[SourceQuality "1"]

1. e4 e6 2. d4 d5 3. exd5 exd5 4. Nf3 Nc6 5. c4 Nf6 6. Nc3 Be7 7. h3 0-0 8. Be2 Be6 9. c5 Ne4 10. Be3 b6 11. Qa4 Nxc3 12. bxc3 Na5 13. Nd2 Bd7 14. Qa3 c6 15. 0-0 Re8 1/2-1/2

[Event "RUS-ch (Women) 57th"]
[Site "Moscow"]
[Date "2007.12.27"]
[Round "8"]
[White "Kosintseva, Nadezhda"]
[Black "Korbut, Ekaterina"]
[Result "1/2-1/2"]
[WhiteElo "2469"]
[BlackElo "2443"]
[PlyCount "143"]
[EventDate "2007.12.18"]
[EventType "tourn"]
[EventRounds "11"]
[EventCountry "RUS"]
[EventCategory "7"]
[SourceTitle "CBM 121 Extra"]
[Source "ChessBase"]
[SourceDate "2008.01.10"]
[SourceVersion "1"]
[SourceVersionDate "2008.01.10"]
[SourceQuality "1"]

1. e4 c5 2. Nf3 d6 3. d4 cxd4 4. Nxd4 Nf6 5. Nc3 a6 6. Bg5 e6 7. f4 Bd7 8. Qd2 h6 9. Bxf6 Qxf6 10. 0-0-0 Qd8 11. Bc4 Be7 12. Kb1 Qc8 13. Bb3 Nc6 14. g4 Na5 15. f5 Nxb3 16. cxb3 Qd8 17. Nce2 0-0 18. Ng3 Rc8 19. Rhf1 Bg5 20. Qf2 Qb6 21. Nh5 e5 22. h4 Bd8 23. g5 hxg5 24. f6 g6 25. hxg5 gxh5 26. Qh2 Bg4 27. Nf5 Bxd1 28. Rxd1 Qc6 29. Qe2 b5 30. a3 Qc2+ 31. Qxc2 Rxc2 32. Kxc2 Kh7 33. Ne7 Bxe7 34. fxe7 Rc8+ 35. Kd3 Kg6 36. Ke3 Kxg5 37. Rxd6 Re8 38. Rxa6 Rxe7 39. Rb6 h4 40. Rxb5 f5 41. Rb8 f4+ 42. Kf3 Rd7 43. Rg8+ Kf6 44. Rf8+ Ke7 45. Rh8 Rd3+ 46. Kg4 Re3 47. Rxh4 Rxe4 48. Rh2 Re3 49. b4 Ke6 50. b5 Rg3+ 51. Kh4 Rg8 52. Rc2 f3 53. b6 e4 54. b7 e3 55. Rc3 e2 56. Re3+ Kd5 57. b8Q Rxb8 58. Kg3 Rf8 59. Kf2 Rf5 60. b4 Kc4 61. Re7 Kd3 62. Rd7+ Kc2 63. Re7 Rd5 64. Kxf3 Rd3+ 65. Kxe2 Rxa3 66. b5 Rb3 67. Re5 Rb4 68. Rc5+ Kb3 69. Kd3 Ka4 70. Rc4 Kxb5 71. Rxb4+ Kxb4 72. Ke4 1/2-1/2

[Event "RUS-ch (Women) 57th"]
[Site "Moscow"]
[Date "2007.12.26"]
[Round "7"]
[White "Korbut, Ekaterina"]
[Black "Shadrina, Tatiana"]
[Result "1-0"]
[WhiteElo "2443"]
[BlackElo "2379"]
[PlyCount "63"]
[EventDate "2007.12.18"]
[EventType "tourn"]
[EventRounds "11"]
[EventCountry "RUS"]
[EventCategory "7"]
[SourceTitle "CBM 121 Extra"]
[Source "ChessBase"]
[SourceDate "2008.01.10"]
[SourceVersion "1"]
[SourceVersionDate "2008.01.10"]
[SourceQuality "1"]

1. e4 c5 2. Nf3 e6 3. d4 cxd4 4. Nxd4 Nf6 5. Nc3 d6 6. g4 h6 7. Be3 Nc6 8. h3 a6 9. f4 Qc7 10. Bg2 Be7 11. Qe2 Nxd4 12. Bxd4 e5 13. Be3 exf4 14. Bxf4 Be6 15. 0-0-0 Nd7 16. h4 Ne5 17. Bh3 0-0-0 18. g5 Kb8 19. gxh6 gxh6 20. Nd5 Bxd5 21. Rxd5 Bxh4 22. Kb1 Bf6 23. Bf1 Ng6 24. Bd2 Rde8 25. Qf2 Bg7 26. Rh3 Rc8 27. Ba5 Qc6 28. Rb3 Ka8 29. Rb6 Qa4 30. Bxa6 Rc7 31. Bxb7+ Rxb7 32. Rxb7 1-0

[Event "RUS-ch (Women) 57th"]
[Site "Moscow"]
[Date "2007.12.23"]
[Round "5"]
[White "Korbut, Ekaterina"]
[Black "Kovalevskaya, Ekaterina"]
[Result "1-0"]
[WhiteElo "2443"]
[BlackElo "2448"]
[PlyCount "125"]
[EventDate "2007.12.18"]
[EventType "tourn"]
[EventRounds "11"]
[EventCountry "RUS"]
[EventCategory "7"]
[SourceTitle "CBM 121 Extra"]
[Source "ChessBase"]
[SourceDate "2008.01.10"]
[SourceVersion "1"]
[SourceVersionDate "2008.01.10"]
[SourceQuality "1"]

1. e4 d6 2. d4 Nf6 3. Nc3 e5 4. Nf3 Nbd7 5. Bc4 Be7 6. 0-0 0-0 7. Re1 c6 8. a4 b6 9. b3 a6 10. d5 c5 11. Bd3 Nh5 12. Nd2 g6 13. Nc4 Qc7 14. Be3 Rb8 15. Qd2 Ndf6 16. f3 Ne8 17. Reb1 a5 18. Nb5 Qd7 19. c3 f5 20. b4 fxe4 21. fxe4 Nf4 22. bxc5 bxc5 23. Nxa5 Bg5 24. Bxf4 Bxf4 25. Qe2 Nf6 26. g3 Bh6 27. Nc4 Ne8 28. Rf1 Ba6 29. Na5 Rxf1+ 30. Rxf1 c4 31. Nxc4 Bxb5 32. axb5 Qxb5 33. Qg4 Qc5+ 34. Kg2 Qc8 35. Qh4 Bf8 36. Be2 Qd8 37. Bg4 Qxh4 38. Be6+ Kg7 39. Rf7+ Kh6 40. gxh4 Ng7 41. Bg4 Nh5 42. Bxh5 Kxh5 43. Rxh7+ Kg4 44. Rf7 Kxh4 45. h3 Kh5 46. Kf2 Bh6 47. Rh7 g5 48. Nxd6 Kg6 49. Rb7 Ra8 50. Nf5 Bf8 51. d6 Kf6 52. d7 Rd8 53. Kf3 Ke6 54. Kg4 Be7 55. c4 Bf6 56. Rb6+ Kf7 57. Nh6+ Ke7 58. c5 Rf8 59. Rb7 Ke6 60. Nf5 Ra8 61. Rb6+ Kf7 62. c6 Bd8 63. Rb7 1-0

[Event "EU-chT (Women) 16th"]
[Site "Heraklion"]
[Date "2007.11.06"]
[Round "9"]
[White "Korbut, Ekaterina"]
[Black "Vasilevich, Tatjana"]
[Result "1/2-1/2"]
[WhiteElo "2443"]
[BlackElo "2368"]
[PlyCount "130"]
[EventDate "2007.10.28"]
[EventType "team-tourn"]
[EventRounds "9"]
[EventCountry "GRE"]
[SourceTitle "EXT 2008"]
[Source "ChessBase"]
[SourceDate "2007.11.25"]
[SourceVersion "1"]
[SourceVersionDate "2007.11.25"]
[SourceQuality "1"]
[WhiteTeam "Russia (W)"]
[BlackTeam "Ukraine (W)"]
[WhiteTeamCountry "RUS"]
[BlackTeamCountry "UKR"]

1. e4 c5 2. Nf3 a6 3. c4 e6 4. d4 cxd4 5. Nxd4 Nf6 6. Nc3 Qc7 7. a3 b6 8. Be3 Bb7 9. f3 Be7 10. Be2 0-0 11. Rc1 d6 12. 0-0 Nbd7 13. Qd2 Rac8 14. b4 Rfe8 15. Rc2 Qb8 16. Kh1 Bd8 17. Na4 Bc7 18. Bg1 Kh8 19. Rb1 Ne5 20. c5 b5 21. c6 Ba8 22. Nb2 Bb6 23. Rbc1 d5 24. exd5 Nxd5 25. Bd3 f6 26. Qe1 Bxd4 27. Bxd4 Nxc6 28. Qh4 f5 29. Bc5 Nf6 30. Re1 Ne5 31. Bd4 Ned7 32. Rce2 e5 33. Bf2 e4 34. fxe4 Bxe4 35. Bxe4 Rxe4 36. Rxe4 fxe4 37. Nd1 Qe5 38. Ne3 Rc3 39. h3 h6 40. Bg1 Rxa3 41. Bh2 Qh5 42. Qf4 Rd3 43. Qc7 Kh7 44. Qa7 Nd5 45. Ng4 N7f6 46. Nxf6+ Nxf6 47. Qxa6 Rd1 48. Rg1 e3 49. Qe6 e2 50. Bg3 Rd4 51. Re1 Re4 52. Qb3 Qe8 53. Bd6 Kh8 54. Kg1 Qd7 55. Bc5 Qd2 56. Qb1 Re8 57. Bf2 Nd5 58. Qg6 Rf8 59. Qe4 Nc3 60. Qd4 Qb2 61. Bg3 Rf1+ 62. Rxf1 exf1Q+ 63. Kxf1 Qb1+ 64. Be1 Qf5+ 65. Qf2 Qd3+ 1/2-1/2

[Event "EU-chT (Women) 16th"]
[Site "Heraklion"]
[Date "2007.11.05"]
[Round "8"]
[White "Bensdorp, Marlies"]
[Black "Korbut, Ekaterina"]
[Result "0-1"]
[WhiteElo "2263"]
[BlackElo "2443"]
[PlyCount "100"]
[EventDate "2007.10.28"]
[EventType "team-tourn"]
[EventRounds "9"]
[EventCountry "GRE"]
[SourceTitle "EXT 2008"]
[Source "ChessBase"]
[SourceDate "2007.11.25"]
[SourceVersion "1"]
[SourceVersionDate "2007.11.25"]
[SourceQuality "1"]
[WhiteTeam "Netherlands (W)"]
[BlackTeam "Russia (W)"]
[WhiteTeamCountry "NED"]
[BlackTeamCountry "RUS"]

1. d4 d5 2. Nf3 Nf6 3. c4 dxc4 4. e3 a6 5. Bxc4 e6 6. 0-0 c5 7. Bb3 b5 8. a4 b4 9. Nbd2 Be7 10. dxc5 0-0 11. Qc2 Bb7 12. Bc4 Qc7 13. b3 Nbd7 14. Bb2 Rac8 15. Rac1 Qb8 16. Rfd1 Rxc5 17. Qd3 Qa8 18. Qe2 Rfc8 19. h3 R5c7 20. Qf1 Nd5 21. Re1 Bf6 22. Bxf6 N7xf6 23. Ne5 Nc3 24. Nd3 a5 25. f3 Nfd5 26. Bxd5 exd5 27. Qf2 h6 28. Ra1 Qa6 29. Nf4 Qf6 30. Qg3 g5 31. Kh2 Kh7 32. Nd3 Ba6 33. Nf2 Ne2 34. Ng4 Qe6 35. Qe5 h5 36. Qxe6 fxe6 37. Ne5 Rc2 38. Nf1 Kg7 39. Rad1 Kf6 40. Nd7+ Ke7 41. Ne5 R8c3 42. Rb1 Rc7 43. f4 Kf6 44. Ng3 Nxg3 45. Kxg3 gxf4+ 46. exf4 Rg7+ 47. Kf3 d4 48. g4 Bb7+ 49. Kg3 h4+ 50. Kxh4 Rh7+ 0-1

[Event "EU-chT (Women) 16th"]
[Site "Heraklion"]
[Date "2007.10.31"]
[Round "4"]
[White "Gara, Anita"]
[Black "Korbut, Ekaterina"]
[Result "1/2-1/2"]
[WhiteElo "2315"]
[BlackElo "2443"]
[PlyCount "147"]
[EventDate "2007.10.28"]
[EventType "team-tourn"]
[EventRounds "9"]
[EventCountry "GRE"]
[SourceTitle "EXT 2008"]
[Source "ChessBase"]
[SourceDate "2007.11.25"]
[SourceVersion "1"]
[SourceVersionDate "2007.11.25"]
[SourceQuality "1"]
[WhiteTeam "Hungary (W)"]
[BlackTeam "Russia (W)"]
[WhiteTeamCountry "HUN"]
[BlackTeamCountry "RUS"]

1. e4 c5 2. Nf3 Nc6 3. Nc3 d6 4. d4 cxd4 5. Nxd4 Nf6 6. Bg5 e6 7. Qd2 Qb6 8. Bxf6 gxf6 9. Nb3 Bd7 10. 0-0-0 0-0-0 11. f4 h5 12. Be2 Be7 13. Rhf1 Rdg8 14. Bf3 Kb8 15. Kb1 h4 16. h3 Na5 17. Nxa5 Qxa5 18. Qe1 Rc8 19. Rd3 Rc7 20. Rf2 Bb5 21. Re3 Bc4 22. b3 Ba6 23. Na4 Qxe1+ 24. Rxe1 Rhc8 25. Nb2 d5 26. exd5 Bc5 27. Rfe2 Bxe2 28. Rxe2 exd5 29. Bxd5 Bd6 30. Nd3 Ba3 31. c4 Rd8 32. f5 b5 33. Re4 Rxd5 34. cxd5 Rc3 35. Rd4 Kc7 36. d6+ Kd8 37. d7 a6 38. Rd5 Rc7 39. b4 Rc4 40. Rd6 a5 41. Rxf6 axb4 42. Rxf7 Rc3 43. Nb2 Re3 44. Nd1 Re1 45. Kc2 Re2+ 46. Kd3 Rxa2 47. Rf8+ Kxd7 48. Rb8 Rxg2 49. Rxb5 Rg3+ 50. Ke4 Rxh3 51. Ne3 Rg3 52. f6 h3 53. f7 b3 54. Nf1 Rc3 55. Nd2 Ke7 56. Nxb3 h2 57. Rh5 Bd6 58. Kd5 Rd3+ 59. Nd4 Bb8 60. Ke4 Rd1 61. Nc6+ Kxf7 62. Nxb8 h1Q+ 63. Rxh1 Rxh1 64. Nc6 Ke6 65. Nd4+ Kd6 66. Nf5+ Kc5 67. Ne3 Rh4+ 68. Kd3 Rd4+ 69. Kc3 Rd8 70. Nc4 Kd5 71. Kd3 Rh8 72. Ne3+ Kc5 73. Ke4 Rh4+ 74. Ke5 1/2-1/2

[Event "EU-Cup (Women) 12th"]
[Site "Kemer"]
[Date "2007.10.06"]
[Round "4.1"]
[White "Korbut, Ekaterina"]
[Black "Zhao, Xue"]
[Result "1-0"]
[WhiteElo "2443"]
[BlackElo "2530"]
[PlyCount "66"]
[EventDate "2007.10.03"]
[EventType "team-swiss"]
[EventRounds "7"]
[EventCountry "TUR"]
[SourceTitle "EXT 2013"]
[Source "ChessBase"]
[SourceDate "2012.11.22"]
[SourceVersion "1"]
[SourceVersionDate "2012.11.22"]
[SourceQuality "1"]
[WhiteTeam "St Petersburg Finek (W)"]
[BlackTeam "Saratov Economist (W)"]
[WhiteTeamCountry "RUS"]
[BlackTeamCountry "RUS"]

1. e4 c5 2. Nf3 d6 3. d4 cxd4 4. Nxd4 Nf6 5. Nc3 a6 6. Be3 e5 7. Nb3 Be7 8. Qd2 0-0 9. 0-0-0 Be6 10. f4 Ng4 11. g3 Nxe3 12. Qxe3 Nd7 13. Kb1 b5 14. f5 Bxb3 15. axb3 Nb6 16. h4 Qc7 17. g4 Rfc8 18. Rh2 Qd8 19. g5 f6 20. Qh3 Ra7 21. Be2 Rc5 22. Rg2 Kh8 23. Qe3 Rac7 24. Bh5 Kg8 25. b4 R5c6 26. Nd5 Nxd5 27. Rxd5 Qf8 28. c3 Qb8 29. Bd1 Kh8 30. Bb3 a5 31. Qd3 axb4 32. Rxb5 Rb6 33. Rxb6 Qxb6 1-0

[Event "RUS-CHN Summit (Women) 4th"]
[Site "Nizhnij Novgorod"]
[Date "2007.08.29"]
[Round "9"]
[White "Zhao, Xue"]
[Black "Korbut, Ekaterina"]
[Result "1/2-1/2"]
[WhiteElo "2500"]
[BlackElo "2445"]
[PlyCount "99"]
[EventDate "2007.08.20"]
[EventType "schev"]
[EventRounds "10"]
[EventCountry "RUS"]
[SourceTitle "CBM 119 Extra"]
[Source "ChessBase"]
[SourceDate "2007.09.04"]
[SourceVersion "1"]
[SourceVersionDate "2007.09.04"]
[SourceQuality "1"]

1. c4 c5 2. Nf3 Nf6 3. Nc3 g6 4. e4 d6 5. d4 cxd4 6. Nxd4 Nc6 7. Be2 Nxd4 8. Qxd4 Bg7 9. Bg5 0-0 10. Qd2 Be6 11. Rc1 Qa5 12. f3 Rfc8 13. b3 a6 14. Na4 Qxd2+ 15. Kxd2 Nd7 16. g4 f6 17. Be3 f5 18. gxf5 gxf5 19. Rhg1 Kh8 20. Nc3 fxe4 21. fxe4 Be5 22. Nd5 Bxd5 23. exd5 Nf6 24. Bd3 b5 25. h3 bxc4 26. bxc4 Rcb8 27. Rb1 Nd7 28. Rxb8+ Rxb8 29. Rb1 Rxb1 30. Bxb1 Bf6 31. Bd3 Nc5 32. Bf5 Kg7 33. Kc2 h5 34. Bc8 a5 35. Bf5 h4 36. Bd2 a4 37. Be3 Kf7 38. Bd2 Be5 39. Bg5 Bf6 40. Be3 Be5 41. a3 e6 42. Bg4 exd5 43. cxd5 Kf6 44. Bxc5 dxc5 45. Bd7 Bd6 46. Bxa4 c4 47. Kb2 Ke5 48. Bc6 c3+ 49. Kb3 c2 50. Kxc2 1/2-1/2

[Event "RUS-CHN Summit (Women) 4th"]
[Site "Nizhnij Novgorod"]
[Date "2007.08.24"]
[Round "5"]
[White "Ruan, Lufei"]
[Black "Korbut, Ekaterina"]
[Result "1/2-1/2"]
[WhiteElo "2433"]
[BlackElo "2445"]
[PlyCount "160"]
[EventDate "2007.08.20"]
[EventType "schev"]
[EventRounds "10"]
[EventCountry "RUS"]
[SourceTitle "CBM 119 Extra"]
[Source "ChessBase"]
[SourceDate "2007.09.04"]
[SourceVersion "1"]
[SourceVersionDate "2007.09.04"]
[SourceQuality "1"]

1. e4 c5 2. Nf3 d6 3. d4 cxd4 4. Nxd4 Nf6 5. Nc3 a6 6. Be2 e5 7. Nb3 Be7 8. 0-0 0-0 9. Kh1 b5 10. a4 b4 11. Nd5 Bb7 12. Nxe7+ Qxe7 13. f3 a5 14. Bg5 h6 15. Bxf6 Qxf6 16. Qd2 Rd8 17. Rfd1 Nc6 18. Bb5 Ne7 19. Rac1 d5 20. Nc5 Bc6 21. Qe2 Ng6 22. Bxc6 Qxc6 23. Qb5 Qxb5 24. axb5 Rab8 25. Na6 Rxb5 26. Nc7 Rc5 27. Nxd5 Kf8 28. Kg1 Ne7 29. Ne3 Rd4 30. Kf2 Nc6 31. Ke1 g6 32. Nd5 f5 33. Nb6 Ke7 34. Na4 Rcc4 35. exf5 gxf5 36. c3 bxc3 37. Nxc3 Ke6 38. Nb5 Rxd1+ 39. Rxd1 e4 40. fxe4 fxe4 41. b3 Rc2 42. Nd4+ Nxd4 43. Rxd4 Ke5 44. Ra4 Rxg2 45. Rxa5+ Kd4 46. Rh5 Rg6 47. b4 Kd3 48. Rd5+ Ke3 49. Kf1 Rf6+ 50. Ke1 Ra6 51. Ra5 Rb6 52. Rh5 Rxb4 53. Rh3+ Kd4 54. Rxh6 Ke3 55. Rh3+ Kf4 56. Rh4+ Kf3 57. Rh3+ Kg4 58. Rg3+ Kf4 59. Rh3 Rb2 60. Rh4+ Ke3 61. Rh3+ Kd4 62. Rh8 Kd3 63. Rd8+ Ke3 64. Kf1 Rxh2 65. Ra8 Rd2 66. Ke1 Rd3 67. Rh8 Rd7 68. Rh3+ Kf4 69. Ra3 Rh7 70. Rb3 Rh1+ 71. Ke2 Rh2+ 72. Ke1 Ra2 73. Rc3 Ke5 74. Rb3 Kd5 75. Rh3 Kc4 76. Rg3 Ra7 77. Rh3 Kd4 78. Rb3 Ra1+ 79. Ke2 Ra4 80. Rh3 Ke5 1/2-1/2

[Event "RUS-CHN Summit (Women) 4th"]
[Site "Nizhnij Novgorod"]
[Date "2007.08.23"]
[Round "4"]
[White "Korbut, Ekaterina"]
[Black "Zhao, Xue"]
[Result "1-0"]
[WhiteElo "2445"]
[BlackElo "2500"]
[PlyCount "61"]
[EventDate "2007.08.20"]
[EventType "schev"]
[EventRounds "10"]
[EventCountry "RUS"]
[SourceTitle "CBM 119 Extra"]
[Source "ChessBase"]
[SourceDate "2007.09.04"]
[SourceVersion "1"]
[SourceVersionDate "2007.09.04"]
[SourceQuality "1"]

1. e4 e5 2. Nf3 Nc6 3. Bb5 a6 4. Ba4 Nf6 5. Bxc6 dxc6 6. d3 Nd7 7. Nbd2 Bd6 8. Nc4 0-0 9. Bd2 Re8 10. h4 c5 11. h5 b5 12. Ne3 c4 13. Nh4 cxd3 14. Nef5 Nf6 15. cxd3 h6 16. Qf3 Bf8 17. Qg3 Kh8 18. 0-0-0 c5 19. Bc3 Nxh5 20. Qh2 Nf6 21. f3 Qc7 22. g4 g6 23. g5 Nh5 24. f4 hxg5 25. Nf3 gxf4 26. Rdg1 Bxf5 27. exf5 Kh7 28. Ng5+ Kg7 29. Ne4 Be7 30. Qxh5 Rh8 31. Rxg6+ 1-0

[Event "WchT (Women) 1st"]
[Site "Ekaterinburg"]
[Date "2007.05.29"]
[Round "9"]
[White "Mudongo, Boikhutso"]
[Black "Korbut, Ekaterina"]
[Result "0-1"]
[WhiteElo "1962"]
[BlackElo "2429"]
[PlyCount "72"]
[EventDate "2007.05.20"]
[EventType "team-tourn"]
[EventRounds "9"]
[EventCountry "RUS"]
[SourceTitle "CBM 118 Extra"]
[Source "ChessBase"]
[SourceDate "2007.07.04"]
[SourceVersion "1"]
[SourceVersionDate "2007.07.04"]
[SourceQuality "1"]
[WhiteTeam "Botswana"]
[BlackTeam "Russia"]
[WhiteTeamCountry "BOT"]
[BlackTeamCountry "RUS"]

1. e4 c5 2. Nf3 d6 3. d4 cxd4 4. Nxd4 Nf6 5. Nc3 a6 6. Be2 e5 7. Nb3 Be7 8. 0-0 0-0 9. Kh1 b5 10. a3 Bb7 11. f3 Nbd7 12. Be3 Rc8 13. Qe1 d5 14. exd5 Nxd5 15. Bd2 N7f6 16. Rd1 Qc7 17. Bd3 Nf4 18. Bxf4 exf4 19. Bf5 Rce8 20. Qf2 g6 21. Bd3 b4 22. axb4 Bxb4 23. Na4 Nd5 24. c3 Be7 25. Rfe1 Ne3 26. Rc1 Rc8 27. Ra1 Qd8 28. Qe2 Re8 29. Bxa6 Bxa6 30. Qxa6 Bh4 31. Re2 Ra8 32. Qb5 Rb8 33. Qc6 Rxb3 34. Nc5 Rb6 35. Qd7 Rd6 36. Qxd8 Rexd8 0-1